| 000 | 00741cam a2200265 4500 | ||
|---|---|---|---|
| 001 | 12612 | ||
| 003 | BD-RjUL | ||
| 005 | 20211208235327.0 | ||
| 008 | 140129s1971 nyua b 001 0 eng | ||
| 020 | _a0070673861 | ||
| 035 | _a(BD-RjUL)12661 | ||
| 040 |
_aDLC _cDLC _dDLC _dBD-RjUL _beng |
||
| 041 | _aeng | ||
| 082 | 0 | 0 |
_a621.381534 _bVEP 1971 |
| 100 | 1 |
_aVeatch, Henry C. _939280 |
|
| 245 | 1 | 0 |
_aPulse and switching circuit action / _cHenry C. Veatch. |
| 260 |
_aNew York : _bMcGraw-Hill , _cc1971 |
||
| 300 |
_ax, 181 p. : _billus. ; _c23 cm. |
||
| 650 | 0 |
_aPulse circuits. _939281 |
|
| 650 | 0 |
_aSwitching circuits. _939282 |
|
| 650 | 0 |
_aDigital counters. _939283 |
|
| 942 |
_2ddc _cBK |
||
| 999 |
_c12612 _d12612 |
||